000 00586nam a2200205Ia 4500
005 20250508165434.0
008 008 250505s9999 xx 000 0 eng d
020 _a978-81-7625-938-5
037 _aTextual
040 _aFEDL
_beng
_cFEDL
041 _aeng
_2eng
084 _a820.954, SUS
_qFEDL
100 _aSushma Bharti
_9780850
245 0 _aCritical essays on Indian english literature
260 _aNew Delhi, India
_bSwastik Publications
_c2014
300 _avi, 248p.
365 _aINR
_b850
942 _cTEXL
_h820.954, SUS
999 _c1395097
_d1395097